000 00392nam a2200157Ia 4500
008 221030s9999 xx 000 0 und d
041 _aEnglish
082 _a105.23
_bGup
100 _aS. L. Gupta
245 0 _aConcepts Of Modern Physics
_cby S. L. Gupta, S. Gupta
260 _bDhanpat Rai Pub
_aNew Delhi
_c2000
300 _a628
650 _aPhysics
700 _aS. Gupta
942 _cBK
999 _c6994
_d6994